NFL Top 100 All-Time: Kick Return Yards - Statistics

General Stats
  • This quiz has been taken 179 times
    32 since last reset
  • The average score is 11 of 100
Answer Stats
# Player Yards % Correct
12 Devin Hester 7,333
93%
93 Deion Sanders 3,523
64%
34 Jacoby Jones 4,940
64%
9 Cordarrelle Patterson 7,989
54%
88 Bethel Johnson 3,611
50%
15 Ron Smith 6,922
50%
50 Ron Brown 4,493
46%
43 Timmy Brown 4,781
46%
5 Dante Hall 10,136
39%
3 Josh Cribbs 11,113
39%
64 Percy Harvin 4,127
36%
98 Drew Hill 3,460
32%
94 KaVontae Turpin 3,518
29%
25 Corey Harris 5,528
25%
8 Darren Sproles 8,352
25%
58 Dwayne Harris 4,204
25%
13 Kevin Williams 7,309
25%
1 Brian Mitchell 14,014
21%
69 Stump Mitchell 4,007
21%
16 Ted Ginn Jr. 6,899
21%
24 Abe Woodson 5,538
14%
41 Andre' Davis 4,821
14%
45 Dick James 4,676
14%
39 Rod Woodson 4,894
14%
61 Wes Welker 4,138
14%
29 Dexter Carter 5,412
11%
21 Eric Metcalf 5,813
11%
46 Jermaine Lewis 4,611
11%
65 Kevin Faulk 4,098
11%
57 Larry Anderson 4,217
11%
4 Mel Gray 10,250
11%
19 Michael Lewis 5,989
11%
75 Nate Lewis 3,825
11%
20 Brandon Tate 5,890
7%
10 Desmond Howard 7,959
7%
85 Eddie Payton 3,676
7%
78 Fulton Walker 3,779
7%
33 Herschel Walker 5,084
7%
11 Leon Washington 7,553
7%
95 Aaron Bailey 3,501
4%
2 Allen Rossum 11,947
4%
55 Ameer Abdullah 4,346
4%
17 Andre Roberts 6,751
4%
30 Bruce Harper 5,407
4%
40 Charlie Rogers 4,877
4%
89 Danny Amendola 3,590
4%
86 Darrin Nelson 3,659
4%
23 Dave Meggett 5,566
4%
96 Derrick Mason 3,496
4%
74 Jamal Agnew 3,853
4%
70 Justin Miller 3,966
4%
90 Kermit Alexander 3,586
4%
79 Marc Mariani 3,766
4%
71 Aaron Stecker 3,934
0%
42 Al Carmichael 4,798
0%
53 Alvin Haymond 4,438
0%
51 Andre Coleman 4,466
0%
59 Bobby Jancik 4,185
0%
87 Bobby Joe Edmonds 3,646
0%
80 Bruce Laird 3,748
0%
97 Buddy Young 3,465
0%
83 Carl Garrett 3,704
0%
31 Chad Morton 5,401
0%
18 Chris Carr 6,276
0%
99 Clarence Childs 3,454
0%
37 Clarence Verdin 4,930
0%
47 David Dunn 4,597
0%
54 Dennis Gentry 4,353
0%
72 Dwight Stone 3,927
0%
22 Eddie Drummond 5,811
0%
82 Ellis Hobbs 3,739
0%
68 Eric Weems 4,030
0%
6 Glyn Milburn 9,788
0%
84 Jerious Norwood 3,695
0%
77 Joe Arenas 3,798
0%
60 Josh Scobey 4,160
0%
66 LaRod Stephens-Howling 4,092
0%
73 MarTay Jenkins 3,865
0%
36 Maurice Hicks 4,932
0%
7 Michael Bates 9,110
0%
63 Mike Nelms 4,128
0%
81 Ollie Matson 3,746
0%
62 Qadry Ismail 4,135
0%
38 Reggie Swinton 4,919
0%
T26 Rock Cartwright 5,450
0%
100 Roell Preston 3,427
0%
48 Ronney Jenkins 4,550
0%
49 Speedy Duncan 4,539
0%
56 Stefan Logan 4,343
0%
67 Steve Broussard 4,060
0%
52 Steve Odom 4,451
0%
28 Tamarick Vanover 5,422
0%
T26 Terrence McGee 5,450
0%
32 Terrence Wilkins 5,091
0%
44 Tim Dwight 4,753
0%
92 Tony Horne 3,577
0%
91 Tremain Mack 3,583
0%
14 Tyrone Hughes 6,999
0%
35 Vai Sikahema 4,933
0%
76 Vaughn Hebron 3,802
0%
No matching quizzes found
Score Distribution
Percent of People with Each Score
Percentile by Number Answered
Your Score History
You have not taken this quiz since the last reset